| 000 | 00891cam a22001814a 4500 | ||
|---|---|---|---|
| 005 | 20250605164347.0 | ||
| 008 | 250528s ||||||||||||||||||||||||d | ||
| 035 | _a23930 | ||
| 040 |
_aGR-AtMCL _bgre _dGR-AtMCL _eAACR2 |
||
| 245 | 1 | _aΕλληνικές Επιστημονικές Δημοσιεύσεις / 1996 - 2010 | |
| 260 |
_bΚαινοτομία Έρευνα Και Τεχνολογία, _c2012 |
||
| 300 | _a32 | ||
| 520 | _aΠροωθώντας την Επιχειρηματικότητα, Αξιοποιώντας την Έρευνα, Συνεντεύξεις, Αφιέρωμα, Καινοτομώντας Ψηφιακά, Ανοικτή Πρόσβαση στη Γνώση, Ορίζοντας 2020, Εκδηλώσεις, Highlights - Innovation - Research and Technology. | ||
| 700 | 1 |
_aΣαχίνη Εύη _99352 |
|
| 942 | _cCR | ||
| 999 |
_c8845 _d8845 |
||